Phân tích các yếu tố ảnh hưởng đến việc áp dụng biogas của các hộ chăn nuôi heo ở tỉnh Sóc Trăng : Luận văn Thạc sĩ. Ngành Kinh tế Nông nghiệp
Khảo sát thực trạng và phân tích các yếu tố ảnh hưởng đến việc áp dụng biogas của các hộ chăn nuôi heo ở tỉnh Sóc Trăng
Na minha lista:
| Autor principal: | |
|---|---|
| Formato: | Livro |
| Idioma: | Undetermined |
| Publicado em: |
Cần Thơ
Trường Đại học Cần Thơ
2016
|
| Assuntos: | |
| Tags: |
Adicionar Tag
Sem tags, seja o primeiro a adicionar uma tag!
|
| Thư viện lưu trữ: | Trung tâm Học liệu Trường Đại học Cần Thơ |
|---|
| LEADER | 01103nam a2200229Ia 4500 | ||
|---|---|---|---|
| 001 | CTU_215891 | ||
| 008 | 210402s9999 xx 000 0 und d | ||
| 082 | |a 338.16 | ||
| 082 | |b L312 | ||
| 088 | |a 60620115 | ||
| 100 | |a Chung, Khả Linh | ||
| 245 | 0 | |a Phân tích các yếu tố ảnh hưởng đến việc áp dụng biogas của các hộ chăn nuôi heo ở tỉnh Sóc Trăng : | |
| 245 | 0 | |b Luận văn Thạc sĩ. Ngành Kinh tế Nông nghiệp | |
| 245 | 0 | |c Chung Khả Linh ; Ngô Thị Thanh Trúc (Cán bộ hướng dẫn) | |
| 260 | |a Cần Thơ | ||
| 260 | |b Trường Đại học Cần Thơ | ||
| 260 | |c 2016 | ||
| 520 | |a Khảo sát thực trạng và phân tích các yếu tố ảnh hưởng đến việc áp dụng biogas của các hộ chăn nuôi heo ở tỉnh Sóc Trăng | ||
| 650 | |a Biogas,Agriculture,Nông nghiệp,Khí sinh học | ||
| 650 | |x Economic aspects,Khía cạnh kinh tế | ||
| 904 | |i Nguyên | ||
| 980 | |a Trung tâm Học liệu Trường Đại học Cần Thơ | ||